000 00538nam a2200169 4500
999 _c4657
_d4657
008 160919b xxu||||| |||| 00| 0 eng d
022 _a2094-8042
082 _aDPer 370.105 M72 Jan-Dec 2012 V. 60-61
100 _914865
_aDe la Cruz, Randgren Irona
243 _aThe modern teacher
245 _a'Yan si sir/
_cRandgren Irona De la Cruz.
260 _aPhilippines:
_bIn the Grade School, Inc.,
_c©2012.
300 _av61 n5, page 194;
_c28 cm.
500 _aThe Modern Teacher.
650 0 _915627
_aTeachers
942 _2ddc
_cPER